header

Essentials of sociology : (Record no. 263654)

MARC details
000 -LEADER
fixed length control field 00620nam a22002057a 4500
003 - CONTROL NUMBER IDENTIFIER
control field OSt
005 - DATE AND TIME OF LATEST TRANSACTION
control field 20240515134501.0
008 - FIXED-LENGTH DATA ELEMENTS--GENERAL INFORMATION
fixed length control field 240515b xxu||||| |||| 00| 0 eng d
010 ## - LIBRARY OF CONGRESS CONTROL NUMBER
LC control number 2007273050
020 ## - INTERNATIONAL STANDARD BOOK NUMBER
International Standard Book Number 9780205504404 (pbk.)
International Standard Book Number 020550440X (pbk.)
040 ## - CATALOGING SOURCE
Transcribing agency DLC
050 ## - LIBRARY OF CONGRESS CALL NUMBER
Classification number HM586
Item number .H43 2007
100 ## - MAIN ENTRY--PERSONAL NAME
Personal name Henslin, James M.
245 ## - TITLE STATEMENT
Title Essentials of sociology :
Remainder of title a down-to-earth approach /
Statement of responsibility, etc James M. Henslin.
250 ## - EDITION STATEMENT
Edition statement 7th ed.
260 ## - PUBLICATION, DISTRIBUTION, ETC. (IMPRINT)
Place of publication, distribution, etc Boston :
Name of publisher, distributor, etc Pearson/Allyn & Bacon,
Date of publication, distribution, etc [2007]
300 ## - PHYSICAL DESCRIPTION
Extent 1 v. (various pagings) :
Other physical details ill. (chiefly col.) ;
Dimensions 26 cm.
942 ## - ADDED ENTRY ELEMENTS (KOHA)
Source of classification or shelving scheme Library of Congress Classification
Koha item type Long Loan Books
Holdings
Withdrawn status Lost status Source of classification or shelving scheme Damaged status Not for loan Collection code Home library Current library Shelving location Date acquired Total Checkouts Full call number Barcode Date last seen Price effective from Koha item type
    Library of Congress Classification     Non-fiction Rongo University Library Rongo University Library General Stacks 15/05/2024   HM586 .H43 2007 20155940 15/05/2024 15/05/2024 Long Loan Books

© 2026 Rongo University
Contact us: librarian | system librarian | Rongo university